MARC

LEADER 00000nam0a2200000 4500
001 41389
005 20231031013911.0
035 |a (RuTPU)RU\TPU\book\42491 
090 |a 41389 
100 |a 20020618d1981 k y0rusy50 ca 
101 0 |a rus 
102 |a RU 
105 |a a z 000zy 
200 1 |a Механика относительного движения и силы инерции  |f А. Ю. Ишлинский  |g Академия Наук СССР; Институт проблем механики 
210 |a Москва  |c Наука  |d 1981 
215 |a 191 с.  |c ил. 
610 1 |a физика 
610 1 |a механика 
610 1 |a движение 
610 1 |a сила 
610 1 |a инерция 
610 1 |a относительное движение 
610 1 |a инерциальная навигация 
675 |a 531.1  |v 3 
700 1 |a Ишлинский  |b А. Ю.  |g Александр Юльевич 
712 0 2 |a Академия наук СССР (АН СССР)  |b Институт проблем механики (ИПМех)  |c (Москва)  |2 stltpush  |3 (RuTPU)RU\TPU\col\11549 
801 1 |a RU  |b 63413507  |c 20020618  |g PSBO 
801 2 |a RU  |b 63413507  |c 20140917  |g PSBO 
942 |c BK